Statistics for Argentinian football clubs by badge

Click here to take the quiz!

General Stats

  • This quiz has been taken 61 times
  • The average score is 27 of 42

Answer Stats

Answer% Correct
Argentinos Juniors
87%
Boca Juniors
87%
Godoy Cruz
87%
Racing Club
87%
River Plate
87%
Newell's Old Boys
85%
Tigre
85%
Colón
83%
Arsenal de Sarandí
81%
Atlético de Rafaela
81%
San Martín de San Juan
79%
Chaco For Ever
77%
San Lorenzo de Almagro
77%
Vélez Sarsfield
77%
All Boys
74%
Estudiantes de La Plata
74%
Independiente
72%
Almirante Brown
70%
Belgrano
70%
Rosario Central
70%
Huracán
68%
Atlético Tucumán
66%
Banfield
66%
Lanús
66%
Talleres de Córdoba
66%
Gimnasia y Esgrima La Plata
62%
Defensa y Justicia
55%
Unión de Santa Fe
55%
Aldosivi
53%
Patronato
51%
Quilmes
49%
Sarmiento
49%
Ferro Carril Oeste
47%
Platense
47%
Central Córdoba
43%
Chacarita Juniors
43%
Barracas Central
40%
Temperley
40%
Agropecuario
38%
Instituto de Córdoba
38%
Gimnasia y Esgrima de Jujuy
34%
San Martín de Tucumán
34%

Score Distribution

Percentile by Number Answered

Percent of People with Each Score

Your Score History

You have not taken this quiz